Niente Di Nuovo Sul Fronte Occidentale

Na minha lista:
Detalhes bibliográficos
Autor principal: Eric Maria Remarque
Formato: Livro
Idioma:idioma desconhecido
Publicado em: Arnoldo Mondatori
Tags: Adicionar Tag
Sem tags, seja o primeiro a adicionar uma tag!

MARC

LEADER 00000nam a2200000Ia 4500
001 R-714
003 CODICE-MESSINA
005 20260212102456.0
008 260211s9999 xx 000 0 und d
040 |c importazione_messina 
100 |a Eric Maria Remarque 
245 0 |a Niente Di Nuovo Sul Fronte Occidentale 
260 |b Arnoldo Mondatori 
942 |2 ddc  |c BK 
952 |0 0  |1 0  |2 ddc  |4 0  |6 SCAFFALE_6_000000000000000__ROMANZI  |7 0  |9 31540  |a ME  |b ME  |d 2026-02-11  |l 0  |o SCAFFALE 6 - ROMANZI  |p R-714  |r 2026-02-11 23:52:37  |w 2026-02-11  |x [REVISIONARE]  |y BK 
999 |c 27205  |d 27205